Canta si puedes: historia de un estreno

Un libro que al tiempo de compartirnos una pieza teatral (partitura musical incluida) nos relata la trastienda de su puesta en escena, proceso tortuoso, al calor de los miedos, prejuicios, intrigas y mezquindades profesionales de mediados de los 80, del siglo XX chileno. No falta, eso sí, la lealtad...

Full description

Bibliographic Details
Main Author: Latorre Vásquez, Remberto 1939-
Format: Libro
Language:Spanish
Published: Chillan Viejo: Ediciones Investigación Cultural y Desarrollo, Museo Adriana Vásquez Romàn de Rengo, 2014.
Series:Gato
Subjects:
Online Access:

MARC

LEADER 00000cam a22000007a 4500
003 UAHC
005 20180829172216.0
008 180824s2014 cl ||||| |||| 00| 0 spa d
952 |0 0  |1 0  |2 ddc  |4 0  |6 CH_862_000000000000000_LATR  |7 0  |8 COMP  |9 90519  |a BS  |b BS  |c General  |d 2018-08-28  |e Donación  |g 6000.00  |l 2  |o Ch862 LATR  |p 1443138  |r 2025-11-26 00:00:00  |s 2018-09-28  |t c.1  |v 6000.00  |w 2018-08-28  |y BK  |B TEATRO 
999 |c 51142  |d 51142 
020 |a 9789569159107 
035 |a ARTES 
040 |a UAHC_CL  |c UAHC_CL  |d UAHC_CL 
082 |2 21  |b L358  |a Ch862 
100 |9 4592  |a Latorre Vásquez, Remberto  |d 1939- 
245 |a Canta si puedes:  |b historia de un estreno  |c Remberto Latorre Vásquez. 
260 |a Chillan Viejo:  |b Ediciones Investigación Cultural y Desarrollo,  |b Museo Adriana Vásquez Romàn de Rengo,  |c 2014. 
300 |a 142 p. 
440 |9 4672  |a Gato 
520 |a Un libro que al tiempo de compartirnos una pieza teatral (partitura musical incluida) nos relata la trastienda de su puesta en escena, proceso tortuoso, al calor de los miedos, prejuicios, intrigas y mezquindades profesionales de mediados de los 80, del siglo XX chileno. No falta, eso sí, la lealtad y apoyo del amigo o colega. 
650 0 |9 2177  |a Dramas chilenos 
650 0 |9 2920  |a Teatro  |z Chile 
942 |2 ddc  |c BK